000 00557nam a22001937a 4500
003 OSt
005 20240923095642.0
008 240923b |||||||| |||| 00| 0 eng d
020 _a0471398799
040 _cMUST
100 _aEccles G Robert
_919177
245 _aThe value reporting revolution;
_bMoving beyond the earnings given.
260 _aCanada
_bPricewaterhouse coopers
_cc2001
300 _axvii,349p. ;
_bill.;
_c25cm
500 _aInclude Notes, index
700 _4Corporation reports
700 _4Financial statements
942 _2ddc
_cO_SHELF
999 _c9393
_d9393